Monty Python Quiz - Statistics

General Stats
  • This quiz has been taken 894 times
  • The average score is 12 of 19
Answer Stats
Hint Answer % Correct
Character mistaken for the Messiah Brian Cohen
90%
Evil killer animal in the Holy Grail Rabbit
90%
Name of the original series Monty Python's Flying Circus
87%
"I'm a __________ and I'm okay" Lumberjack
84%
"He's not the Messiah! He's a very _______ ___!" Naughty boy
77%
Used to make horse noises Coconuts
75%
Member who now does travel documentaries Michael Palin
75%
..."and your father smelled of ____________!" Elderberries
71%
Member who died of cancer Graham Chapman
70%
Musical based of Monty Python and the Holy Grail Spamalot
68%
"Your mother was a _______"... Hamster
67%
Only American member Terry Gilliam
65%
Pilate's friend with a funny name Biggus Dickus
59%
Name of final film Monty Python's The Meaning of Life
59%
Breed of the Dead Parrot Norwegian Blue
51%
Name of Arthur's companion Patsy
41%
Theme tune to TV series The Liberty Bell
22%
Ben and Jerry's ice cream from 2006 Vermonty Python
4%
Name of upcoming 2014 film Absolutely Anything
3%
No matching quizzes found
Score Distribution
Percent of People with Each Score
Percentile by Number Answered
Your Score History
You have not taken this quiz